000 00255nam a2200097Ia 4500
008 171211s9999 xx 000 0 und d
245 _aMauser Military Rifles of the World, 5th Edition
245 _cRobert W. D. Ball
260 _c2011
650 _xMilitary
999 _c348300
_d348300